02726nam a22004575i 4500999001700000006001900017007001500036008004100051020003700092072001600129072002300145072001500168082001400183100002000197245004800217250001800265260002700283300006500310505023000375520082000605650002401425650003101449650001301480650002401493650003401517650002301551700007501574700007601649700007701725700007901802700007701881710003401958773002601992776003602018776003602054776003602090856004602126942001302172950003902185950004402224 c26883d26883a|||||o|||| 00| 0 cr nn 008mamaa210212s2021 si | s |||| 0|eng d a9789813349353qOnline Resource 1 7aTRL2bicssc 7aTEC0090702bisacsh 7aTRL2thema04a623.82231 aYang, Zongming.10aMarine Power Planth[electronic resource] / a1st ed. 2021. aLondonbSpringerc2021 aIX, 335 p. 241 illus., 21 illus. in color.bonline resource.0 aHistory of Marine Power Plants -- Overview of Marine Power Plants -- Marine Diesel Power Plants -- Matching Characteristic of Hull, Engine and Propeller -- Marine Steam-Turbine Power Plants -- Marine Gas Turbine Power Plants. aThis book describes the history and development of marine power plant. Problems of arrangement, general construction and parameters of marine power plants of all types are considered. It also introduces different characteristics of each type of marine power plant, matching characteristic for diesel propulsion. The book gives a clear idea about different marine power engines, including working principle, structure and application. Readers will understand easily the power system for ships since there are a lot of illustrations and instructions for each of the equipment. This book is useful for students majoring in “marine engineering”, “energy and power engineering” and other related majors. It is also useful for operators of marine institution for learning main design and operation of ship plants. 0aMarine engineering. 0aElectric power production. 0aEngines.14aMarine Engineering.24aMechanical Power Engineering.24aEngine Technology.1 aWen, Huabing.eauthor.4aut4http://id.loc.gov/vocabulary/relators/aut1 aYang, Xinglin.eauthor.4aut4http://id.loc.gov/vocabulary/relators/aut1 aGorbov, Viktor.eauthor.4aut4http://id.loc.gov/vocabulary/relators/aut1 aMitienkova, Vira.eauthor.4aut4http://id.loc.gov/vocabulary/relators/aut1 aSerbin, Serhiy.eauthor.4aut4http://id.loc.gov/vocabulary/relators/aut2 aSpringerLink (Online service)0 tSpringer Nature eBook08iPrinted edition:z978981334934608iPrinted edition:z978981334936008iPrinted edition:z978981334937740uhttps://doi.org/10.1007/978-981-33-4935-3 2ddccEBK aEngineering (SpringerNature-11647) aEngineering (R0) (SpringerNature-43712)